Discurso leído en la solemne apertura del curso de 1908 a 1909 (Record no. 62461)

MARC details
000 -LEADER
campo de control de longitud fija 00472nam a2200145 i 4500
001 - NÚMERO DE CONTROL
campo de control 62461
003 - IDENTIFICADOR DE NÚMERO DE CONTROL
campo de control ES-MaACL
005 - FECHA Y HORA DE LA ÚLTIMA TRANSACCIÓN
campo de control 20230906164655.0
007 - CAMPO FIJO DE DESCRIPCIÓN FÍSICA--INFORMACIÓN GENERAL
campo de control de longitud fija t|
008 - DATOS DE LONGITUD FIJA--INFORMACIÓN GENERAL
campo de control de longitud fija 031121s1908 sp ||||1| spa d
100 1# - ENTRADA PRINCIPAL--NOMBRE DE PERSONA
Nombre de persona Fernández y Echevarría, Enrique.
9 (RLIN) 50175
245 10 - MENCIÓN DEL TÍTULO
Título Discurso leído en la solemne apertura del curso de 1908 a 1909
Resto del título : [tema: El metro] /
Mención de responsabilidad, etc. por Enrique Fernández y Echevarría.
260 ## - PUBLICACIÓN, DISTRIBUCIÓN, ETC.
Lugar de publicación, distribución, etc. Oviedo :
Nombre del editor, distribuidor, etc. [s.n.],
Fecha de publicación, distribución, etc. 1908.
852 ## - LOCALIZACIÓN
Ubicación ES-MaACL
Número de control de estantería T-1182-F-2
Holdings
Estatus retirado Estado de pérdida Estado de daño No para préstamo Colección Biblioteca de origen Biblioteca actual Ubicación en estantería Fecha de adquisición Fuente de adquisición Total de préstamos Signatura topográfica completa Código de barras Visto por última vez Precio de reemplazo Tipo de ítem Koha
        Colección de folletos Biblioteca del Ateneo de Madrid Biblioteca del Ateneo de Madrid Depósito folletos 17/01/2008     T-1182-F-2 1065486 23/02/2023 23/02/2023 Folleto